El Mercado Común Europeo: una perspectiva española y latinoamericana

Gespeichert in:
Bibliographische Detailangaben
1. Verfasser: Tamames, Ramón (VerfasserIn)
Format: Buch
Sprache:Spanisch
Veröffentlicht: Madrid Alianza 1982
Schriftenreihe:Alianza Universidad, 313
Schlagworte:
Tags: Tag hinzufügen
Keine Tags, Fügen Sie den ersten Tag hinzu!

MARC

LEADER 00000nam a2200000 a 4500
001 UCG5195
003 CL-VaPUC
008 110113e19820000SP |||||||||||||||||spa|d
020 |a 842062313X 
082 0 4 |a 330.1  |b TAM  |2 21 
100 0 |a Tamames, Ramón  |e author  |9 554797 
245 1 3 |a El Mercado Común Europeo: una perspectiva española y latinoamericana 
300 |a 448 p 
942 |c BK 
945 |d 20110113 00:00:00  |a dcastane 
260 |a Madrid  |b Alianza  |c 1982 
650 0 |a Economía internacional  |9 258254 
650 7 |a SISTEMAS ECONOMICOS  |2 CL-VaPUC  |9 554798 
650 7 |a ECONOMIA MUNDIAL  |2 CL-VaPUC  |9 554799 
650 0 |a Capitalismo  |9 255255 
650 0 |a Socialismo  |9 255260 
650 7 |a SISTEMAS MONETARIOS  |2 CL-VaPUC  |9 342366 
650 0 |a Multinacionales  |9 256382 
650 7 |a COMUNIDAD ECONOMICA EUROPEA  |2 CL-VaPUC  |9 257970 
583 |a last modification  |c 20110113 00:00:00  |k Rodrigo Vera 
490 0 |a Alianza Universidad, 313 
999 |c 343763  |d 343761 
952 |0 0  |1 0  |4 0  |6 330_100000000000000_TAM_1982  |7 0  |8 A  |9 441340  |a BIBHIS  |b BIBHIS  |d 2019-11-22  |i 4747062  |o 330.1 TAM 1982  |p 4747062  |r 2025-01-20  |w 2019-11-22  |y BK  |k HIS